Human Destiny /

Đã lưu trong:
Chi tiết về thư mục
Tác giả chính: Lecomte du Noüy, Pierre (autor)
Định dạng: Sách
Ngôn ngữ:Tiếng Anh
Được phát hành: Nueva York, EUA : Signet : New American Library, 1949, c1947
Các nhãn: Thêm thẻ
Không có thẻ, Là người đầu tiên thẻ bản ghi này!

MARC

LEADER 00000nam^a2200000^a^4500
001 000567114
005 20250521000000.0
009 20260310132120.176
037 |a Acervo Xavier Clavigero 
041 |a ING 
091 |a FPA. 01733 
100 |a Lecomte du Noüy, Pierre  |e (autor) 
245 1 0 |a Human Destiny / 
264 4 |a Nueva York, EUA :  |b Signet :  |b New American Library,  |c 1949, c1947 
300 |a 189 p. 
336 |a texto  |b txt  |2 rdacontenido 
337 |a sin mediación  |b n  |2 rdamedio 
338 |a volumen  |b nc  |2 rdasoporte 
649 |a XX 
910 |a Fondo José Ignacio Palencia Gómez S.J. 
920 |a Impresos - Libros 
930 |a Fondos Especiales 
905 |a 137 
901 |a 0500360289  |b IT2  |c ESL  |i D  |u 20250521 
902 |a https://opac.biblio.iteso.mx/vufind/Record/000567114